|
|
|
|
| LEADER |
01466nam a2200373 i 4500 |
| 001 |
34388 |
| 003 |
BD-DhAAL |
| 005 |
20190325103958.0 |
| 008 |
190325t2018 nyua b 001 0 eng |
| 999 |
|
|
|c 40528
|d 40528
|
| 010 |
|
|
|a 2017047112
|
| 020 |
|
|
|a 9781138295506 (pbk.)
|
| 020 |
|
|
|a 9781138295490 (hardback)
|
| 020 |
|
|
|a 9781315100647 (ebk.)
|
| 040 |
|
|
|a DLC
|b eng
|c DLC
|e rda
|d DLC
|d BD-DhAAL
|
| 042 |
|
|
|a pcc
|
| 050 |
0 |
0 |
|a P40.5.S57
|b D36 2018
|
| 082 |
0 |
0 |
|a 302.23014
|2 23
|
| 100 |
1 |
|
|a Danesi, Marcel,
|d 1946-
|e author.
|9 30569
|
| 245 |
1 |
0 |
|a Language, society, and new media :
|b sociolinguistics today /
|c Marcel Danesi.
|
| 250 |
|
|
|a Second edition.
|
| 260 |
|
|
|a New York, NY ;
|a Milton Park, Abingdon, Oxon :
|b Routledge, Taylor & Francis Group,
|c c2018
|
| 300 |
|
|
|a xiii, 306 pages :
|b illustrations ;
|c 24 cm.
|
| 500 |
|
|
|a "First edition published by Routledge in 2016"--Title page verso.
|
| 504 |
|
|
|a Includes bibliographical references (pages [281]-301) and index.
|
| 526 |
|
|
|a ENH
|
| 541 |
|
|
|a Parama Publishers
|e 34388
|
| 650 |
|
0 |
|a Mass media and language.
|9 30570
|
| 650 |
|
0 |
|a Socialization.
|9 30571
|
| 650 |
|
0 |
|a Language and culture.
|9 30572
|
| 650 |
|
0 |
|a Sociolinguistics.
|9 30573
|
| 852 |
|
|
|a Ayesha Abed Library
|c General Stacks
|
| 942 |
|
|
|2 ddc
|c BK
|
| 952 |
|
|
|0 0
|1 0
|2 ddc
|4 0
|6 302_230140000000000_DAN
|7 0
|9 65147
|a BRACUL
|b BRACUL
|c GEN
|d 2019-02-26
|e Parama Publisher
|g 2626.29
|l 0
|o 302.23014 DAN
|p 3010034388
|r 2019-02-26
|t 1
|v 2626.29
|w 2019-02-26
|y BK
|